Study Guide for Elements of Business Mathematics and Statistic: Student Manual (Record no. 4981)
[ view plain ]
| 005 - DATE AND TIME OF LATEST TRANSACTION | |
|---|---|
| control field | 20250625093804.0 |
| 020 ## - INTERNATIONAL STANDARD BOOK NUMBER | |
| International Standard Book Number | 9976-78-021-4 |
| 082 ## - DEWEY DECIMAL CLASSIFICATION NUMBER | |
| Classification number | 513ABD |
| 100 ## - MAIN ENTRY--PERSONAL NAME | |
| Author name | ABDU, A. N. |
| 245 ## - TITLE STATEMENT | |
| Title | Study Guide for Elements of Business Mathematics and Statistic: Student Manual |
| 300 ## - PHYSICAL DESCRIPTION | |
| Extent | 166P.; |
| Dimensions | 29cm |
| 942 ## - ADDED ENTRY ELEMENTS (KOHA) | |
| Source of classification or shelving scheme | Dewey Decimal Classification |
| Koha item type | Books |
| Date last seen | Total checkouts | Full call number | Barcode | Cost, replacement price | Price effective from | Koha item type | Lost status | Source of classification or shelving scheme | Damaged status | Not for loan | Withdrawn status | Home library | Current library | Shelving location | Date acquired | Cost, normal purchase price |
|---|---|---|---|---|---|---|---|---|---|---|---|---|---|---|---|---|
| 06/25/2025 | 513ABDU | DOM000941 | 60000.00 | 06/25/2025 | Books | Dewey Decimal Classification | CBE Dodoma | CBE Dodoma | General Collection | 01/02/2008 | 20000.00 | |||||
| 06/25/2025 | 513ABDU | DOM000944 | 60000.00 | 06/25/2025 | Books | Dewey Decimal Classification | CBE Dodoma | CBE Dodoma | General Collection | 01/02/2008 | 20000.00 | |||||
| 06/25/2025 | 513ABDU | DOM000942 | 60000.00 | 06/25/2025 | Books | Dewey Decimal Classification | CBE Dodoma | CBE Dodoma | General Collection | 01/02/2008 | 20000.00 | |||||
| 06/25/2025 | 513ABDU | DOM000940 | 60000.00 | 06/25/2025 | Books | Dewey Decimal Classification | CBE Dodoma | CBE Dodoma | General Collection | 01/02/2008 | 20000.00 | |||||
| 06/25/2025 | 513ABDU | DOM000943 | 60000.00 | 06/25/2025 | Books | Dewey Decimal Classification | CBE Dodoma | CBE Dodoma | General Collection | 01/02/2008 | 20000.00 | |||||
| 06/25/2025 | 513ABDU | DOM000939 | 60000.00 | 06/25/2025 | Books | Dewey Decimal Classification | CBE Dodoma | CBE Dodoma | General Collection | 01/02/2008 | 20000.00 |
